Vista normal
Vista MARC
Entrada Materia (personas)
Número de registros utilizados en: 2
001 - CONTROL NUMBER
- control field: 145244
003 - CONTROL NUMBER IDENTIFIER
- control field: Co-BoUCM
005 - DATE AND TIME OF LATEST TRANSACTION
- control field: 20211022090811.0
008 - FIXED-LENGTH DATA ELEMENTS
- fixed length control field: 211022|| aca||aabn | a|a d
040 ## - CATALOGING SOURCE
- Original cataloging agency: Co-BoUCM
- Transcribing agency: Co-BoUCM
100 ## - HEADING--PERSONAL NAME
- Personal name: Ramírez, Sergio
- Dates associated with a name: 1942-
670 ## - SOURCE DATA FOUND
- Source citation: Work cat.: (Co-BoUCM)77708: Ramírez, Sergio 1942-, Un baile de máscaras, 1995